| 000 | 00355pam a2200145 a 4500 | ||
|---|---|---|---|
| 020 |
_a978-81-8204-030-4 _c |
||
| 041 | _h | ||
| 082 |
_a613.12 _bTAL |
||
| 100 | _aA.Talukdar. | ||
| 245 |
_aParlez a l hotel _hTextual Documents |
||
| 250 |
_a1 st ed / _b2020. |
||
| 260 |
_anew delhi _bAMAN PUBLICATIONS PRIVATE LIMITED |
||
| 300 | _a138. | ||
| 930 | _a6343 | ||
| 999 |
_c233740 _d233740 |
||